Introducción a la biología / (Registro nro. 16461)
[ vista simple ]
| 000 -CABECERA | |
|---|---|
| campo de control de longitud fija | 01312nam a2200193 a 4500 |
| 001 - NÚMERO DE CONTROL | |
| campo de control | 000016929 |
| 005 - FECHA Y HORA DE LA ÚLTIMA TRANSACCIÓN | |
| campo de control | 20200929165002.0 |
| 008 - DATOS DE LONGITUD FIJA--INFORMACIÓN GENERAL | |
| campo de control de longitud fija | 100312s1986 dr a 000 0 spa d |
| 040 ## - FUENTE DE LA CATALOGACIÓN | |
| Centro catalogador/agencia de origen | DO-SdBNP |
| Lengua de catalogación | spa |
| Centro/agencia transcriptor | BNPHU |
| 082 ## - NÚMERO DE LA CLASIFICACIÓN DECIMAL DEWEY | |
| Número de clasificación | 570 |
| Número de documento/Ítem | G633i |
| 049 ## - FONDOS LOCALES (OCLC) | |
| Fondos de biblioteca | BNPD |
| 100 1# - ENTRADA PRINCIPAL--NOMBRE DE PERSONA | |
| Nombre de persona | Gómez, J. Desiderio |
| 9 (RLIN) | 36763 |
| 245 10 - MENCIÓN DE TÍTULO | |
| Título | Introducción a la biología / |
| Mención de responsabilidad, etc. | J. Desiderio Gómez. |
| 260 ## - PUBLICACIÓN, DISTRIBUCIÓN, ETC. | |
| Lugar de publicación, distribución, etc. | Santo Domingo : |
| Nombre del editor, distribuidor, etc. | Alfa & Omega, |
| Fecha de publicación, distribución, etc. | 1986. |
| 300 ## - DESCRIPCIÓN FÍSICA | |
| Extensión | 294 p. : |
| Otras características físicas | il. ; |
| Dimensiones | 28 cm. |
| 500 ## - NOTA GENERAL | |
| Nota general | Incluye índice alfabetico |
| 505 2# - NOTA DE CONTENIDO CON FORMATO | |
| Nota de contenido con formato | Origen y organización de la vida -- La naturaleza -- Bases químicas de la vida -- Biología celular -- Energía biológica -- Metabolismo -- Fotosíntesis -- Respiración -- Nutrición heterotrofa -- Continuidad de los organismos vivos -- Reproducción -- Desarrollo embrionario -- Los tejidos -- Biología de los organismos superiores -- La estructura orgánica -- Sistema respiratorio -- Sistema nervioso -- Sistema reproductor -- Sistema digestivo -- Sistema esquelético -- Sistema protector -- Sistema muscular -- Sistema excretor -- Sistema circulatorio -- Biología de los vegetales -- La herencia -- Evolución -- Los organismos vivos y su ambiente -- Ecología general -- Ecología dominicana -- Recursos naturales de República Dominicana. |
| 650 #4 - PUNTO DE ACCESO ADICIONAL DE MATERIA--TÉRMINO DE MATERIA | |
| Término de materia o nombre geográfico como elemento de entrada | Biología |
| Subdivisión general | Libros de texto |
| 9 (RLIN) | 37432 |
| Estado de retiro | Estado de pérdida | No para préstamo | Código de colección | Localización permanente | Ubicación/localización actual | Ubicación en estantería | Fecha de adquisición | Número de inventario | Total de préstamos | Signatura topográfica completa | Código de barras | Fecha visto por última vez | Precio válido a partir de | Tipo de ítem Koha |
|---|---|---|---|---|---|---|---|---|---|---|---|---|---|---|
| Excluido de préstamo | Patrimonio Dominicano | Patrimonio Dominicano | Patrimonio Dominicano | En catalogación | 12.03.2010 | LF1 | 570 G633i | 16929-10 | 25.06.2020 | 25.06.2020 | Libro y Folleto Colección Patrimonio Dominicano |
